Szczegóły MARC21

Sytuacja gospodarcza państw Europy Środkowo-Wschodniej przed i po wstąpieniu do Unii Europejskiej : praca zbiorowa /

005 -DATA I CZAS OSTATNIEJ MODYFIKACJI [,]
    • @
    • pole kontrolne
    • 20080804103222.0
020 -Międzynarod. znormalizowany nr książki - ISBN [ , ]
    • a
    • Numer ISBN
    • 9788372416698 Find
040 -Instytucja sporządzająca opis [ , ]
    • a
    • Instytucja, która sporządziła opis (NP)
    • SZCZ U/SA
    • c
    • Instytucja, która sporządziła rekord (NP)
    • SZCZ U/SA
    • d
    • Instytucja, która zmodyfikowała rekord (P)
    • SZCZ U/BB
041 -Język dokumentu [0, ]
    • a
    • Język tekstu (P)
    • polski
044 -Kraj miejsca wydania [ , ]
    • a
    • Kraj miejsca wydania
    • Polska
942 -Rodzaj dokumentu [ , ]
    • c
    • Rodzaj dokumentu
    • Książka
245 -Strefa tytułu i oznaczenia odpowiedzialności [0,0]
    • a
    • Tytuł
    • Sytuacja gospodarcza państw Europy Środkowo-Wschodniej przed i po wstąpieniu do Unii Europejskiej : Find
    • b
    • Ciąg dalszy tytułu (NP)
    • praca zbiorowa / Find
    • c
    • Pozostałe elementy strefy tytułu i oznaczenia odpowiedzialności (NP)
    • pod red. Magdaleny Majchrzak ; Uniwersytet Szczeciński. Wydział Zarządzania i Ekonomiki Usług. Koło Naukowe Integracji Europejskiej EURINUS.
246 -Wariant tytułu [3,1]
    • a
    • Tytuł (NP)
    • Economic situation of Central and Eastern European countries before and after accession to the European Union
260 -Strefa adresu wydawniczego [ , ]
    • a
    • Miejsce wydania (P)
    • Szczecin :
    • b
    • Nazwa wydawcy (P)
    • Wydawnictwo Naukowe Uniwersytetu Szczecińskiego,
    • c
    • Data wydania (P)
    • 2008.
300 -Strefa opisu fizycznego [ , ]
    • a
    • Określenie formy książki i/lub objętość (NP)
    • 311 s. :
    • b
    • Oznaczenie ilustracji (NP)
    • il. ;
    • c
    • Format (NP)
    • 24 cm.
504 -Uwaga dot. bibliogr. załącznikowej [ , ]
    • a
    • Uwaga dot. bibliografii załącznikowej
    • Bibliogr.
080 -Uniwersalna Klasyfikacja Dziesiętna [ , ]
    • 2
    • Identyfikator wydania tablic
    • UDC-P058
    • a
    • Symbol klasyfikacji
    • 338.1
    • b
    • Dopowiedzenie
    • Sytuacja gospodarcza. Koniunktura gospodarcza. Surowce (zagadnienia ogólne).
    • x
    • Poddział wspólny
    • (4-191.2-11:4-67)
    • b
    • Dopowiedzenie
    • (Europa Środkowowschodnia : Unia Europejska).
    • x
    • Poddział wspólny
    • "2004/..."
    • b
    • Dopowiedzenie
    • Od 2004.
    • x
    • Poddział wspólny
    • (061)
    • b
    • Dopowiedzenie
    • (Materiały konferencyjne).
980 -Symbol UKD [ , ]
    • a
    • UKD
    • 338.1(4-191.2-11:4-67)"2004/..."(061)
700 -Hasło dodatkowe - nazwa osobowa [1, ]
    • a
    • Nazwa osobowa (NP)
    • Majchrzak, Magdalena. Find
    • e
    • Określenie rodzaju współpracy
    • Red.
    • 9
    • KHW
    • 445
920 -ISBN [ , ]
    • a
    • ISBN
    • 978-83-7241-669-8 Find
Numer inwentarzowy Status udost. Lokalizacja Data inwentaryzacji
T.10149-2T2008-07-11
TM.8613-2T2012-06-28
TM.8614-3T2012-06-28
TM.8615-3T2012-06-28
TM.8616-3T2012-06-28
TM.8617-3T2012-06-28
TM.11465-3T2014-07-10
TM.11466-3T2014-07-10
TM.11467-3T2014-07-10
TM.11468-3T2014-07-10
TM.11469-3T2014-07-10
TM.11470-3T2014-07-10
TM.11471-3T2014-07-10
TM.11472-3T2014-07-10
TM.11473-3T2014-07-10
TM.11474-3T2014-07-10
TM.11475-3T2014-07-10